[Event "Polfinaly Mistrzostw Polski Juniorow 201"]
[Site "Szklarska Poreba - „Krolowa Ka"]
[Date "2015.??.??"]
[Round "7.9"]
[White "Bartoszewski-reiski, Olaf"]
[Black "Szydlo, Michal"]
[Result "0-1"]
[WhiteElo "1425"]
[BlackElo "1275"]
[PlyCount "72"]
[EventDate "2015.??.??"]

1. d4 Nf6 2. e3 g6 3. Bd3 Bg7 4. c4 d6 5. Nc3 O-O 6. Nf3 Nbd7 7. h4 c5 8. Ng5
h5 9. Nce4 cxd4 10. exd4 b6 11. f4 Bb7 12. Qe2 Nxe4 13. Nxe4 Bxd4 14. f5 Qe8
15. f6 Nxf6 16. Bh6 Nxe4 17. Bxe4 Bxe4 18. Bxf8 Qc6 19. Bh6 Bxg2 20. Rh2 Bf3
21. Qd3 Be5 22. Rd2 Bg3+ 23. Kf1 Bxh4 24. Rc1 e5 25. Qxd6 Qxd6 26. Rxd6 g5 27.
Rc3 e4 28. a4 Re8 29. Rf6 e3 30. Rxf3 e2+ 31. Kg2 e1=Q 32. Rce3 Rxe3 33. Rxe3
Qxe3 34. c5 Qf2+ 35. Kh1 Bg3 36. cxb6 Qh2# 0-1

[Event "Polfinaly Mistrzostw Polski Juniorow 201"]
[Site "Szklarska Poreba - „Krolowa Ka"]
[Date "2015.??.??"]
[Round "7.10"]
[White "Oborski, Artur"]
[Black "Oles, Martin"]
[Result "1/2-1/2"]
[WhiteElo "1300"]
[BlackElo "1374"]
[PlyCount "124"]
[EventDate "2015.??.??"]

1. e4 c5 2. Nc3 a6 3. a4 Nc6 4. Nf3 e6 5. Bc4 b6 6. d3 Bb7 7. O-O Be7 8. Bf4 h6
9. e5 d5 10. exd6 Bxd6 11. Bxd6 Qxd6 12. Ne4 Qe7 13. c3 Nf6 14. Qb3 Nxe4 15.
dxe4 Na5 16. Qa2 Bxe4 17. Rfe1 Bxf3 18. Bxe6 O-O 19. Bg4 Be4 20. f3 c4 21. fxe4
Nb3 22. Rad1 Qg5 23. Bf3 Nd2 24. Kf2 Qh4+ 25. Ke3 Nxf3 26. gxf3 b5 27. a5 Qxh2
28. Rh1 Qc7 29. Rdg1 Qc5+ 30. Ke2 Qd6 31. Qb1 Rad8 32. Rd1 Qf4 33. Qc1 Qxc1 34.
Rxc1 Rd3 35. Rcd1 Rfd8 36. Rxd3 Rxd3 37. Rh5 Rd6 38. f4 Kf8 39. Rc5 Ke7 40. e5
Rd7 41. Rc6 Ra7 42. Ke3 Kd7 43. Rd6+ Kc7 44. f5 Ra8 45. Kd4 Rd8 46. Rxd8 Kxd8
47. Kd5 h5 48. Ke4 Ke7 49. Kf4 g6 50. e6 fxe6 51. fxg6 Kf6 52. g7 Kxg7 53. Kg5
Kf7 54. Kxh5 Kf6 55. Kg4 Ke5 56. Kf3 Kd5 57. Kf4 Kc5 58. Ke5 b4 59. Kxe6 Kb5
60. Kd5 Kxa5 61. Kxc4 bxc3 62. bxc3 Kb6 1/2-1/2

[Event "Polfinaly Mistrzostw Polski Juniorow 201"]
[Site "Szklarska Poreba - „Krolowa Ka"]
[Date "2015.??.??"]
[Round "7.11"]
[White "Bednarczyk, Mateusz"]
[Black "Celebias, Filip"]
[Result "1/2-1/2"]
[WhiteElo "1133"]
[BlackElo "1350"]
[PlyCount "96"]
[EventDate "2015.??.??"]

1. e4 c5 2. Nf3 d6 3. d4 cxd4 4. Nxd4 Nf6 5. Nc3 a6 6. f3 e5 7. Nb3 Be7 8. Be3
Be6 9. Qd2 O-O 10. O-O-O Nbd7 11. g4 b5 12. g5 Nh5 13. Nd5 Bxd5 14. exd5 Qc7
15. Na5 Rfc8 16. Nc6 Bf8 17. Bh3 g6 18. Kb1 Re8 19. Bxd7 Qxd7 20. Rhe1 Qf5 21.
Qf2 Be7 22. h4 f6 23. f4 Bf8 24. fxe5 Qxf2 25. Bxf2 fxe5 26. b3 Bg7 27. c4 Rf8
28. Bb6 bxc4 29. bxc4 Rf4 30. c5 Bf8 31. Bc7 Rf7 32. cxd6 Rd7 33. Nxe5 Rxd6 34.
Bxd6 Bxd6 35. Nc6 Nf4 36. Re4 Rf8 37. Rdd4 Kg7 38. Kc2 Rf5 39. Ne7 Rf8 40. Rc4
Nh5 41. Rc6 Rf2+ 42. Kb3 Rf3+ 43. Kc4 Ng3 44. Re6 Rf4+ 45. Kd3 Rf3+ 46. Re3
Rxe3+ 47. Kxe3 Bxe7 48. Rc7 Kf8 1/2-1/2

[Event "Polfinaly Mistrzostw Polski Juniorow 201"]
[Site "Szklarska Poreba - „Krolowa Ka"]
[Date "2015.??.??"]
[Round "7.12"]
[White "Olsztynski, Jan"]
[Black "Lokaj, Bartlomiej"]
[Result "0-1"]
[WhiteElo "1114"]
[BlackElo "1310"]
[PlyCount "88"]
[EventDate "2015.??.??"]

1. e4 e5 2. d4 exd4 3. Nf3 Nc6 4. Bc4 Be7 5. O-O Nf6 6. Nxd4 Nxe4 7. Qg4 d5 8.
Nxc6 bxc6 9. Qf3 Nf6 10. Bd3 O-O 11. b3 Bg4 12. Qe3 Re8 13. h3 Bd6 14. Qd2 Be6
15. Bb2 Ne4 16. Bxe4 dxe4 17. Qc3 Qf6 18. Qxf6 gxf6 19. Bxf6 Bd7 20. Re1 Be5
21. Bxe5 Rxe5 22. Nc3 f5 23. f3 Rc5 24. Rad1 Rxc3 25. Rxd7 Rxc2 26. fxe4 Re8
27. e5 Rxa2 28. e6 c5 29. e7 Kf7 30. Re5 Kf6 31. Rxc5 Re2 32. Rcxc7 R2xe7 33.
Rxa7 Re1+ 34. Kh2 h5 35. Rf7+ Kg6 36. Rg7+ Kf6 37. Raf7+ Ke6 38. b4 Rb1 39. Rb7
Kf6 40. Rh7 Kg6 41. g4 hxg4 42. hxg4 Re2+ 43. Kg3 Rb3+ 44. Kf4 Re4# 0-1

[Event "Polfinaly Mistrzostw Polski Juniorow 201"]
[Site "Szklarska Poreba - „Krolowa Ka"]
[Date "2015.??.??"]
[Round "7.13"]
[White "Bartosik, Franciszek"]
[Black "Wrona, Florian"]
[Result "0-1"]
[WhiteElo "1183"]
[BlackElo "1261"]
[PlyCount "111"]
[EventDate "2015.??.??"]

1. e4 e5 2. Nf3 Nc6 3. Bb5 d6 4. d4 Bd7 5. d5 Nce7 6. Bxd7+ Qxd7 7. O-O Nf6 8.
Nc3 Ng6 9. Bg5 Be7 10. Qe2 O-O 11. Bxf6 Bxf6 12. Qb5 Qxb5 13. Nxb5 a6 14. Nc3
h6 15. Nd2 Be7 16. Ne2 f5 17. f3 f4 18. Nb3 b6 19. c4 Rfb8 20. Rac1 Rb7 21. Rc2
Nf8 22. Nd2 Nd7 23. Re1 a5 24. b3 Nc5 25. Rc3 Na6 26. a3 b5 27. cxb5 Rxb5 28.
a4 Rb4 29. Rb1 Nc5 30. Rc4 Rab8 31. Rxb4 Rxb4 32. Kf1 Kf7 33. Ke1 Bh4+ 34. g3
fxg3 35. hxg3 Bg5 36. Nc1 Bxd2+ 37. Kxd2 Ke7 38. Kc3 Nxa4+ 39. Kc2 Nc5 40. Nd3
Nxd3 41. Kxd3 a4 42. Kc3 Rxb3+ 43. Rxb3 axb3 44. Kxb3 h5 45. Kb4 g5 46. Kb5 h4
47. gxh4 gxh4 48. Kc6 h3 49. Kxc7 h2 50. f4 h1=Q 51. fxe5 Qc1+ 52. Kb6 dxe5 53.
Kb5 Qc3 54. Kb6 Kd6 55. Kb7 Qb4+ 56. Kc8 0-1

[Event "Polfinaly Mistrzostw Polski Juniorow 201"]
[Site "Szklarska Poreba - „Krolowa Ka"]
[Date "2015.??.??"]
[Round "7.14"]
[White "Zaborowski, Maciej"]
[Black "Rybak, Igor"]
[Result "0-1"]
[WhiteElo "1136"]
[BlackElo "1225"]
[PlyCount "76"]
[EventDate "2015.??.??"]

1. e4 c5 2. Nf3 d6 3. d4 cxd4 4. Nxd4 a6 5. Nc3 Nf6 6. Bg5 e5 7. Nf3 Be7 8. Bc4
Nc6 9. a3 b5 10. Bb3 h6 11. Bxf6 Bxf6 12. Bd5 Bb7 13. O-O O-O 14. Qd2 Qd7 15.
Rad1 Rad8 16. Rfe1 Be7 17. Re3 Kh8 18. Rd3 f5 19. Bxc6 Bxc6 20. Nxe5 Qc8 21.
Nxc6 Qxc6 22. exf5 Rxf5 23. f3 Bg5 24. Qf2 Qe8 25. Ne4 d5 26. Nxg5 Rxg5 27. Qe3
Re5 28. Qd2 Re2 29. Qc1 Qg6 30. g4 Qd6 31. f4 Qc5+ 32. Rd4 Rde8 33. c3 R8e4 34.
Kh1 Qe7 35. R4d2 Qh4 36. Rxe2 Rxe2 37. Kg1 Qf2+ 38. Kh1 Qg2# 0-1

[Event "Polfinaly Mistrzostw Polski Juniorow 201"]
[Site "Szklarska Poreba - „Krolowa Ka"]
[Date "2015.??.??"]
[Round "9.6"]
[White "Kosior, Jan"]
[Black "Dolharz, Jakub"]
[Result "0-1"]
[WhiteElo "1312"]
[BlackElo "1382"]
[PlyCount "42"]
[EventDate "2015.??.??"]

1. d4 d5 2. e3 Nf6 3. Bd3 Nbd7 4. Nd2 e6 5. f4 Bd6 6. Ngf3 b6 7. Ne5 Bb7 8. O-O
Qe7 9. Qe2 a6 10. b3 Ne4 11. Bb2 O-O 12. c4 f5 13. Rf3 Nxd2 14. Qxd2 dxc4 15.
Rh3 cxd3 16. Qd1 Nf6 17. g4 Bxe5 18. g5 Ng4 19. dxe5 Qc5 20. Rc1 Qd5 21. Qf1
Qh1# 0-1

[Event "Polfinaly Mistrzostw Polski Juniorow 201"]
[Site "Szklarska Poreba - „Krolowa Ka"]
[Date "2015.??.??"]
[Round "9.8"]
[White "Sypek, Szymon"]
[Black "Wrona, Florian"]
[Result "1/2-1/2"]
[WhiteElo "1227"]
[BlackElo "1261"]
[PlyCount "95"]
[EventDate "2015.??.??"]

1. d4 Nf6 2. c4 e6 3. Nf3 Bb4+ 4. Nc3 O-O 5. a3 Bxc3+ 6. bxc3 c5 7. e3 d6 8.
Be2 h6 9. O-O Nc6 10. Qc2 e5 11. Rd1 Qe7 12. d5 Na5 13. e4 b6 14. Bd3 Bg4 15.
Qe2 Nb3 16. Rb1 Nxc1 17. Rdxc1 Nh7 18. h3 Bh5 19. g4 Bg6 20. Kh2 h5 21. Nd2 Qf6
22. f3 Qf4+ 23. Kg2 h4 24. Qf2 Ng5 25. Rf1 f6 26. Rb2 Kf7 27. Nb3 Rh8 28. Nc1
Qg3+ 29. Qxg3 hxg3 30. Rh1 Rh4 31. Kxg3 Rah8 32. Rbh2 Ke7 33. Ne2 Be8 34. Ng1
Bd7 35. Rb2 Ba4 36. Bc2 Bxc2 37. Rxc2 Nf7 38. Ne2 g5 39. a4 Nd8 40. Ng1 Nb7 41.
Rhh2 Na5 42. Rhe2 Nxc4 43. Ra2 Rb8 44. Kg2 Rhh8 45. Kg3 Rb7 46. Re1 Rc8 47. Kg2
Na5 48. Ne2 1/2-1/2

[Event "Polfinaly Mistrzostw Polski Juniorow 201"]
[Site "Szklarska Poreba - „Krolowa Ka"]
[Date "2015.??.??"]
[Round "9.9"]
[White "Bartoszewski-reiski, Olaf"]
[Black "Celebias, Filip"]
[Result "1/2-1/2"]
[WhiteElo "1425"]
[BlackElo "1350"]
[PlyCount "81"]
[EventDate "2015.??.??"]

1. e4 Nc6 2. d4 d5 3. exd5 Qxd5 4. Nf3 e5 5. dxe5 Qxd1+ 6. Kxd1 Bg4 7. Be2
O-O-O+ 8. Bd2 Bxf3 9. Bxf3 Nxe5 10. Be2 Nf6 11. Re1 Bc5 12. f3 Rhe8 13. c3 Bf2
14. Rf1 Be3 15. Kc2 Nd5 16. Re1 Bf2 17. Rf1 Ne3+ 18. Bxe3 Bxe3 19. Re1 Bf2 20.
Rf1 Be3 21. Re1 Bh6 22. Rf1 Ng4 23. fxg4 Rxe2+ 24. Kb3 Rxg2 25. Na3 f6 26. h3
Rdd2 27. Nc4 Rde2 28. Rab1 Rh2 29. Rh1 Bg5 30. Ka3 b6 31. Kb3 Kb7 32. a4 a6 33.
Na3 Kc6 34. Nc4 Bh4 35. Na3 Rxh1 36. Rxh1 Kd7 37. Nc2 c5 38. Na3 Ke6 39. Nc4 b5
40. axb5 axb5 41. Na3 1/2-1/2

[Event "Polfinaly Mistrzostw Polski Juniorow 201"]
[Site "Szklarska Poreba - „Krolowa Ka"]
[Date "2015.??.??"]
[Round "9.10"]
[White "Czarnomski, Dominik"]
[Black "Szydlo, Michal"]
[Result "0-1"]
[WhiteElo "1323"]
[BlackElo "1275"]
[PlyCount "66"]
[EventDate "2015.??.??"]

1. d4 Nf6 2. c4 e6 3. Nc3 Bb4 4. Qc2 Bxc3+ 5. bxc3 b6 6. Bg5 Bb7 7. f3 h6 8.
Bh4 g5 9. Bg3 d6 10. e4 Nfd7 11. Bd3 Qe7 12. Ne2 c5 13. O-O h5 14. Rab1 h4 15.
Bf2 Nc6 16. a4 Na5 17. Rfd1 e5 18. Nc1 Rb8 19. Nb3 Nf6 20. Nxa5 bxa5 21. h3 Nh5
22. Qb3 O-O 23. Qb5 Bxe4 24. Qxb8 Bxd3 25. Qb5 Bxb1 26. Rxb1 Ng3 27. Bxg3 hxg3
28. dxc5 dxc5 29. Qxa5 Qd6 30. Qb5 Rd8 31. Qb3 Qd3 32. Rd1 Qe2 33. a5 Rd2 0-1

[Event "Polfinaly Mistrzostw Polski Juniorow 201"]
[Site "Szklarska Poreba - „Krolowa Ka"]
[Date "2015.??.??"]
[Round "9.11"]
[White "Bednarczyk, Mateusz"]
[Black "Topola, Rafal"]
[Result "0-1"]
[WhiteElo "1133"]
[BlackElo "1171"]
[PlyCount "129"]
[EventDate "2015.??.??"]

1. e4 c5 2. Nf3 e6 3. d4 cxd4 4. Nxd4 Nc6 5. Nb5 d6 6. c4 a6 7. N5a3 Nf6 8. Nc3
Be7 9. Be2 O-O 10. O-O Qc7 11. Be3 h6 12. Qc2 Nd7 13. Rfd1 b6 14. Rd2 Nc5 15.
Rb1 Nb4 16. Qd1 Bb7 17. f3 Rfd8 18. Nc2 Nxc2 19. Qxc2 Bc6 20. b4 Nd7 21. a4
Rdb8 22. b5 axb5 23. cxb5 Bb7 24. Rc1 Nc5 25. Qb2 Rc8 26. Rdc2 Bf6 27. Qa2 Qd7
28. Bxc5 dxc5 29. Rd1 Qc7 30. Nb1 Rd8 31. Rcd2 Rxd2 32. Rxd2 Rd8 33. g3 Bc8 34.
f4 e5 35. Rxd8+ Qxd8 36. Qd5 Qxd5 37. exd5 exf4 38. gxf4 Bb7 39. Bc4 Kf8 40.
Nd2 Bd4+ 41. Kg2 Be3 42. Ne4 Bxf4 43. h3 f5 44. Kf3 Be5 45. Ng3 g6 46. h4 h5
47. Ne2 Ke7 48. Nf4 Bxf4 49. Kxf4 Kd8 50. Kg5 Bxd5 51. Bd3 Bf7 52. Kf6 Be8 53.
Kg5 Ke7 54. Bf1 f4 55. Bg2 c4 56. a5 Bxb5 57. axb6 Ba6 58. b7 Bxb7 59. Bxb7 c3
60. Kxg6 c2 61. Kxh5 c1=Q 62. Kg6 Qb1+ 63. Kg7 Qxb7 64. Kg6 Qc6+ 65. Kg5 0-1

[Event "Polfinaly Mistrzostw Polski Juniorow 201"]
[Site "Szklarska Poreba - „Krolowa Ka"]
[Date "2015.??.??"]
[Round "9.12"]
[White "Lazniewski, Tadeusz"]
[Black "Stypka, Sebastian"]
[Result "1/2-1/2"]
[WhiteElo "1167"]
[BlackElo "1254"]
[PlyCount "119"]
[EventDate "2015.??.??"]

1. e4 e5 2. Nf3 Nc6 3. Bc4 Bc5 4. c3 Nf6 5. d4 exd4 6. cxd4 Bb4+ 7. Bd2 Bxd2+
8. Nbxd2 d5 9. exd5 Nxd5 10. Qb3 Nce7 11. O-O O-O 12. Rfe1 c6 13. h3 Qb6 14.
Qxb6 axb6 15. Bxd5 Nxd5 16. a3 Bf5 17. Re5 Be6 18. Ree1 Rfe8 19. Ng5 h6 20.
Nxe6 Rxe6 21. Rxe6 fxe6 22. Re1 Ra4 23. Rxe6 Rxd4 24. Nf3 Rd1+ 25. Re1 Rxe1+
26. Nxe1 Nf4 27. Kf1 Kf7 28. f3 Ke6 29. Kf2 Ke5 30. h4 Kd4 31. Nc2+ Kc4 32.
Ne3+ Kb3 33. Nf5 Kxb2 34. Nxg7 c5 35. g4 c4 36. Nf5 c3 37. Ne3 c2 38. Nxc2 Kxc2
39. Kg3 Ne2+ 40. Kf2 Kd3 41. g5 hxg5 42. hxg5 Nf4 43. Kg3 Ng6 44. Kg4 Ke3 45.
Kf5 Nh4+ 46. Ke6 Kxf3 47. Kd7 Kf4 48. Kc7 Kxg5 49. Kxb6 Kf6 50. a4 Nf5 51. Kxb7
Nd6+ 52. Kc7 Ke7 53. a5 Ke6 54. a6 Kd5 55. Kb6 Nc8+ 56. Kc7 Nd6 57. Kb8 Nb5 58.
Kb7 Nd6+ 59. Kb6 Nc8+ 60. Kb7 1/2-1/2

[Event "Polfinaly Mistrzostw Polski Juniorow 201"]
[Site "Szklarska Poreba - „Krolowa Ka"]
[Date "2015.??.??"]
[Round "9.14"]
[White "Szafranski, Maciej"]
[Black "Rybak, Igor"]
[Result "1-0"]
[WhiteElo "1242"]
[BlackElo "1225"]
[PlyCount "80"]
[EventDate "2015.??.??"]

1. c4 e5 2. g3 c6 3. Bg2 Nf6 4. Nc3 d5 5. cxd5 cxd5 6. e3 Nc6 7. Nge2 Be7 8.
O-O Bf5 9. d4 e4 10. a3 h5 11. b4 g5 12. b5 Na5 13. Rb1 h4 14. Qa4 b6 15. Qc2
Qd7 16. Re1 Bh3 17. Bh1 Qg4 18. Bd2 hxg3 19. fxg3 Qh5 20. Nxd5 Nxd5 21. Bxa5
Bf1 22. Qc6+ Kf8 23. Qxa8+ Kg7 24. Qxd5 Qxh2+ 25. Kxf1 Qxh1+ 26. Ng1 Rh6 27.
Ke2 bxa5 28. Kd1 Qg2 29. Ne2 Bxa3 30. Qxg5+ Kh7 31. Qf5+ Kg7 32. Rf1 Rh1 33.
Qxf7+ Kh6 34. Qf6+ Kh7 35. Rxh1+ Qxh1+ 36. Kc2 Qg2 37. Qf1 Qf3 38. Qxf3 exf3
39. Nf4 Bb4 40. Kd3 Kg7 1-0

[Event "Polfinaly Mistrzostw Polski Juniorow 201"]
[Site "Szklarska Poreba - „Krolowa Ka"]
[Date "2015.??.??"]
[Round "9.15"]
[White "Zaborowski, Maciej"]
[Black "Franc, Piotr"]
[Result "1-0"]
[WhiteElo "1136"]
[BlackElo "1187"]
[PlyCount "79"]
[EventDate "2015.??.??"]

1. e4 c5 2. Nf3 d6 3. d4 cxd4 4. Nxd4 Nf6 5. Nc3 a6 6. Bg5 e6 7. Bd3 Be7 8. O-O
Qc7 9. Re1 h6 10. Bh4 Nbd7 11. Bg3 Nc5 12. e5 Nxd3 13. Qxd3 Nh5 14. exd6 Bxd6
15. Bxd6 Qxd6 16. Ne4 Qb6 17. Nb3 O-O 18. Qf3 g6 19. Nf6+ Nxf6 20. Qxf6 Qc7 21.
c3 b5 22. Rad1 Bb7 23. Re2 Qc4 24. Red2 Qc6 25. f3 h5 26. Kh1 Qb6 27. Rd6 Qf2
28. Nd4 Qxb2 29. Nxe6 fxe6 30. Qxg6+ Kh8 31. Qxh5+ Kg8 32. Qg6+ Kh8 33. Rd7
Qxg2+ 34. Kxg2 Bxf3+ 35. Kh3 Bg4+ 36. Qxg4 Rf3+ 37. Qxf3 Re8 38. Qh5+ Kg8 39.
Qf7+ Kh8 40. Qh7# 1-0